Modern transistor circuits / (Record no. 183174)

000 -LEADER
fixed length control field 01173 a2200181 4500
003 - CONTROL NUMBER IDENTIFIER
control field Nust
005 - DATE AND TIME OF LATEST TRANSACTION
control field 20221221125643.0
040 ## - CATALOGING SOURCE
Transcribing agency Nust
082 ## - DEWEY DECIMAL CLASSIFICATION NUMBER
Classification number 621.38412,CAR
100 ## - MAIN ENTRY--PERSONAL NAME
Personal name Carroll, John Millar
9 (RLIN) 105553
245 ## - TITLE STATEMENT
Title Modern transistor circuits /
Statement of responsibility, etc. John M. Carroll,
260 ## - PUBLICATION, DISTRIBUTION, ETC.
Place of publication, distribution, etc. McGraw-Hill,
Name of publisher, distributor, etc. New York,
Date of publication, distribution, etc. 1959
300 ## - PHYSICAL DESCRIPTION
Extent 268 p
Other physical details illus
Dimensions 29 cm
505 ## - FORMATTED CONTENTS NOTE
Formatted contents note Circuit Design Data (Page-1), Transistor Amplifiers (Page-13), Design of Transistor Oscillators (Page-29), Transistor Power Supplies (Page-37), Design of Pulse Circuits (Page-47), Home Entertainment Circuits (Page-65), Radio and TV Broadcast Equipment (Page-83), RF Communications Circuits (Page-103), Audio Communication Circuits (Page-121), Test Instruments (Page-135), Industrial Control Circuits (Page-147), Industrial Measuring Instruments (Page-167), Industrial Detection Circuits (Page-179), Aircraft Missile and Satellite Telemetry (Page-191), Scientific and Medical Instruments (Page-217), Computer Circuit Design (Page-233), Computer Auxiliary Equipment (Page-249).
600 ## - SUBJECT ADDED ENTRY--PERSONAL NAME
Personal name Carroll, John M. (John Millar), 1925-
9 (RLIN) 105554
650 ## - SUBJECT ADDED ENTRY--TOPICAL TERM
Topical term or geographic name entry element Modern transistor circuits
9 (RLIN) 105555
942 ## - ADDED ENTRY ELEMENTS (KOHA)
Source of classification or shelving scheme
Koha item type Book
Holdings
Withdrawn status Lost status Source of classification or shelving scheme Damaged status Not for loan Permanent Location Current Location Shelving location Date acquired Full call number Barcode Date last seen Price effective from Koha item type Public note
          Military College of Signals (MCS) Military College of Signals (MCS) General Stacks 12/12/2016 621.38412,CAR MCS7332 12/08/2016 12/12/2016 Book Almirah No.38, Shelf No.5
© 2023 Central Library, National University of Sciences and Technology. All Rights Reserved.